История труда и заработной платы в Англии с XIII по XIX век

Chi tiết về thư mục
Tác giả chính: Роджерс Т.
Tác giả khác: Катков В. Д. (переводчик)
Tóm tắt:Текст в русской дореформенной орфографии
Ngôn ngữ:Tiếng Nga
Được phát hành: Санкт-Петербург, Издание СПб. Акционерного Об-ва печатного дела "Издатель", 1899
Những chủ đề:
Định dạng: MixedMaterials Sách
KOHA link:https://koha.lib.tpu.ru/cgi-bin/koha/opac-detail.pl?biblionumber=298469

MARC

LEADER 00000nam0a2200000 4500
001 298469
005 20231102001115.0
035 |a (RuTPU)RU\TPU\book\323612 
090 |a 298469 
100 |a 20150618d1899 km y0rusy50 ca 
101 1 |a rus  |c eng 
102 |a RU 
105 |a y z 000zy 
200 1 |a История труда и заработной платы в Англии с XIII по XIX век  |f Т. Роджерс  |g пер. с англ. В. Д. Каткова 
210 |a Санкт-Петербург  |c Издание СПб. Акционерного Об-ва печатного дела "Издатель"  |d 1899 
215 |a XX, 476 с. 
300 |a Текст в русской дореформенной орфографии 
316 |5 63413507: М-133687  |a На титульном листе владельческая подпись: "Бутаков" и штамп-экслибрис И. Н. Бутакова 
316 |5 63413507: М-133687  |a Экземпляр не разрезан 
316 |5 63413507: 68//226  |a В комбинированном владельческом переплете 
317 |5 63413507: М-133687  |a Поступила в НТБ в 1970 г. в составе книжного собрания профессора ТПИ И. Н. Бутакова 
317 |5 63413507: 68//226  |a Поступила в НТБ в 1905 г. в составе книжного собрания Н. А. Сборовского 
606 1 |a Политическая экономия, буржуазная  |x История  |2 stltpush  |3 (RuTPU)RU\TPU\subj\36632  |9 57943 
610 1 |a Англия 
610 1 |a труд 
610 1 |a заработная плата 
610 1 |a политэкономия 
610 1 |a владельческая надпись 
610 1 |a библиотека И. Н. Бутакова 
610 1 |a коллекция Н. А. Сборовского 
610 1 |a владельческие знаки 
686 |a У02(0)  |2 rubbk 
700 1 |a Роджерс  |b Т. 
702 1 |a Катков  |b В. Д.  |4 730 
801 1 |a RU  |b 63413507  |c 20150618 
801 2 |a RU  |b 63413507  |c 20190924  |g RCR 
942 |c BK